Mantenimiento de edificios y equipos de hospitales

Salvato in:
Dettagli Bibliografici
Autore principale: Castro Ch, Francisco M
Natura: Sconosciuto
Pubblicazione: [San José, Costa Rica] 1959
Soggetti:
Tags: Aggiungi Tag
Nessun Tag, puoi essere il primo ad aggiungerne!!

MARC

LEADER 00000 a2200000 4500
003 011085
005 20221231143805.0
008 140114s1959 c a m 000 ||s d
040 |c cru CEDI 
090 |a TFG 120 
100 |a Castro Ch, Francisco M  |9 17294 
245 |a Mantenimiento de edificios y equipos de hospitales 
260 |c 1959  |a [San José, Costa Rica] 
300 |a (paginacion varia), diagramas ; 28 cm  
500 |a  Tesis (Ingeniero Civil) Universidad de Costa Rica  
650 |x HOSPITALES - ADMINISTRACION  |9 17295 
942 |c TFG 
999 |c 12017  |d 12017